<?xml version="1.0" encoding="UTF-8"?><?xml-stylesheet type="text/xsl" href="static/style.xsl"?><OAI-PMH xmlns="http://www.openarchives.org/OAI/2.0/" xmlns:xsi="http://www.w3.org/2001/XMLSchema-instance" xsi:schemaLocation="http://www.openarchives.org/OAI/2.0/ http://www.openarchives.org/OAI/2.0/OAI-PMH.xsd"><responseDate>2026-04-17T21:28:57Z</responseDate><request verb="GetRecord" identifier="oai:www.recercat.cat:2072/465274" metadataPrefix="marc">https://recercat.cat/oai/request</request><GetRecord><record><header><identifier>oai:recercat.cat:2072/465274</identifier><datestamp>2025-07-29T21:16:02Z</datestamp><setSpec>com_2072_98</setSpec><setSpec>col_2072_378192</setSpec></header><metadata><record xmlns="http://www.loc.gov/MARC21/slim" xmlns:dcterms="http://purl.org/dc/terms/" xmlns:xsi="http://www.w3.org/2001/XMLSchema-instance" xmlns:doc="http://www.lyncode.com/xoai" xsi:schemaLocation="http://www.loc.gov/MARC21/slim http://www.loc.gov/standards/marcxml/schema/MARC21slim.xsd">
   <leader>00925njm 22002777a 4500</leader>
   <datafield ind2=" " ind1=" " tag="042">
      <subfield code="a">dc</subfield>
   </datafield>
   <datafield ind2=" " ind1=" " tag="720">
      <subfield code="a">Piquero, Álvaro</subfield>
      <subfield code="e">author</subfield>
   </datafield>
   <datafield ind2=" " ind1=" " tag="260">
      <subfield code="c">2022</subfield>
   </datafield>
   <datafield ind2=" " ind1=" " tag="520">
      <subfield code="a">Este trabajo ha podido realizarse gracias a la financiación de la convocatoria de ayudas para contratos predoctorales de personal investigador en formación de la UCM del año 2017, y está integrado en el proyecto de investigación «Hacia la institucionalización literaria: polémicas y debates historiográficos (1500-1844)» (RTI2018-095664-B-C22), de la Universidad de Sevilla.</subfield>
   </datafield>
   <datafield ind2=" " ind1=" " tag="520">
      <subfield code="a">Entre los estudios dedicados a la literatura erótica de los Siglos de Oro, uno de los campos de investigación tradicionalmente más fructíferos ha sido el del reconocimiento, la decodificación y la sistematización del vocabulario sexual. Partiendo del análisis, comparación y comentario de más de quinientos poemas, este artículo trata de demostrar cómo la parcela de conocimiento referida a los viajes y los desplazamientos en el espacio, que ha recibido poca atención crítica hasta la fecha, posee unas indudables connotaciones sexuales en la tradición literaria hispánica: desde la lírica popular y las cantigas gallego-portuguesas hasta la poesía erótica áurea, sin dejar de lado la vena petrarquista y el romancero.</subfield>
   </datafield>
   <datafield ind2=" " ind1=" " tag="520">
      <subfield code="a">Within the erotic literature of Golden Age's studies, one of the most fruitful fields of research has traditionally been the recognition, decoding and systematisation of sexual vocabulary. Based on the analysis, comparison and commentary of more than five hundredpoems, this article attempts to demonstrate how the area of knowledge referring to travel and movement in space, which has received little attention from experts to date, has unquestionable sexual connotations in the Hispanic literary tradition: from popular lyric poetry and the Galician-Portuguese cantigas to the erotic poetry of the Golden Age, without overlooking Petrarchism and the romancero.</subfield>
   </datafield>
   <datafield tag="653" ind2=" " ind1=" ">
      <subfield code="a">Erotismo</subfield>
   </datafield>
   <datafield tag="653" ind2=" " ind1=" ">
      <subfield code="a">Siglo de Oro</subfield>
   </datafield>
   <datafield tag="653" ind2=" " ind1=" ">
      <subfield code="a">Poesía</subfield>
   </datafield>
   <datafield tag="653" ind2=" " ind1=" ">
      <subfield code="a">Viaje</subfield>
   </datafield>
   <datafield tag="653" ind2=" " ind1=" ">
      <subfield code="a">Movimiento</subfield>
   </datafield>
   <datafield tag="653" ind2=" " ind1=" ">
      <subfield code="a">Sexualidad</subfield>
   </datafield>
   <datafield tag="653" ind2=" " ind1=" ">
      <subfield code="a">Eroticism</subfield>
   </datafield>
   <datafield tag="653" ind2=" " ind1=" ">
      <subfield code="a">Golden Age</subfield>
   </datafield>
   <datafield tag="653" ind2=" " ind1=" ">
      <subfield code="a">Poetry</subfield>
   </datafield>
   <datafield tag="653" ind2=" " ind1=" ">
      <subfield code="a">Travel</subfield>
   </datafield>
   <datafield tag="653" ind2=" " ind1=" ">
      <subfield code="a">Movement</subfield>
   </datafield>
   <datafield tag="653" ind2=" " ind1=" ">
      <subfield code="a">Sexuality</subfield>
   </datafield>
   <datafield ind2="0" ind1="0" tag="245">
      <subfield code="a">El viaje como metáfora sexual : de la lírica tradicional a la poesía áurea</subfield>
   </datafield>
</record></metadata></record></GetRecord></OAI-PMH>